000 00553cam a22002291 4500
001 sa 67003341
003 DLC
005 20260227112338.0
008 890801s1965 ii 000 0 urdr
010 _asa 67003341
035 _a(OCoLC)20107758
040 _aDLC
_cWaU
_dDLC
042 _apremarc
050 0 0 _aHQ743
_b.B25
100 1 _aBak̲h̲shī, Vaishnav Dās.
245 1 0 _aMaḥabbat aur shādī.
260 _a[Delhi,
_c1965?]
300 _a129 p.
_c17 cm.
500 _aIn Urdu.
650 0 _aMarriage.
650 0 _aSex instruction.
999 _c73806
_d73806